Zábezpeka na daň od 1.1.2016

Zrušenie povinnosti zložiť zábezpeku na daň v prípade, že zdaniteľná osoba v čase podania žiadosti o dobrovoľnú registráciu pre daň neuskutočňuje dodanie tovarov alebo služieb, ale vykonáva len prípravnú činnosť na podnikanie, ako aj vypustenie dôvodu na zamietnutie žiadosti o dobrovoľnú registráciu...

Descripción completa

Guardado en:
Detalles Bibliográficos
Autor principal: Válek, Juraj, 1981-
Formato: Capítulo de libro
Lenguaje:eslovaco
Materias:
Etiquetas: Agregar Etiqueta
Sin Etiquetas, Sea el primero en etiquetar este registro!

MARC

LEADER 00000naa a2200000 4500
001 0211806
005 20240502073532.2
041 0 |a slo 
044 |a SK 
245 1 0 |a Zábezpeka na daň od 1.1.2016  |c Juraj Válek 
520 |a Zrušenie povinnosti zložiť zábezpeku na daň v prípade, že zdaniteľná osoba v čase podania žiadosti o dobrovoľnú registráciu pre daň neuskutočňuje dodanie tovarov alebo služieb, ale vykonáva len prípravnú činnosť na podnikanie, ako aj vypustenie dôvodu na zamietnutie žiadosti o dobrovoľnú registráciu pre daň, ktorým je skutočnosť, že žiadateľ o registráciu pre daň nezložil zábezpeku na daň v stanovenej lehote a výške. Praktické príklady z roku 2015 a v r. 2016. 
610 2 0 |a dane z príjmov 
610 2 0 |a dane z hodnoty pridanej 
610 2 0 |a daňovníci 
610 2 0 |a podnikatelia 
610 2 0 |a podnikanie 
100 1 |a Válek, Juraj, 1981-